000 00893nam a2200181 a 4500
008 120416s1997 ||||||||||||||||| || u
020 _a8175330279
050 _aHF 1411 Cha
100 _aChauhan, Sandeep
245 1 0 _aDemand for new international economic order
260 _aNew Delhi
_bM. D. Publications
_c1997
350 _a0.00
650 0 _aINTERNATIONAL ECONOMIC RELATIONS
650 0 _aECONOMICS
995 _aMAIN LIBRARY OPEN ACCESS
_D0.00
_e731993
_FCBU-MAIN LIBRARY (Kitwe)
_H2
_I35.00
_jHF 1411 Cha
_M2
_UAVAILABLE
_y029836
_ZMain Library Open Access Collection
995 _aMAIN LIBRARY OPEN ACCESS
_D0.00
_e731992
_FCBU-MAIN LIBRARY (Kitwe)
_H3
_I35.00
_jHF 1411 Cha
_M3
_UAVAILABLE
_y029837
_ZMain Library Open Access Collection
995 _aMAIN LIBRARY OPEN ACCESS
_D0.00
_e731994
_FCBU-MAIN LIBRARY (Kitwe)
_H1
_I35.00
_jHF 1411 Cha
_M1
_UAVAILABLE
_y029845
_ZMain Library Open Access Collection
999 _c63422
_d63422